00489nam a2200193 a 4500001001300000003000900013005001700022008004100039020001000080082001600090100002000106245003100126260004000157300000900197500003500206505001000241650002400251700002000275nice12345678IN_TiNIC20260116011524.0050524s1902 newa grp 000 0 eng  ac10000a248.32bMCC aMc Clure, J G K aMighty Means of Usefulness aNew YorkbFleming Revelle Co.c1902 a127p aincludes index and biblioraphy2 aIndex aPrayer-Christianity1 aMc Clure, J G K